Catálogo público

Informe de gobierno (2) (Record no. 43799)

MARC details
000 -CABECERA
campo de control de longitud fija 01214nam a22003257a 4500
003 - IDENTIFICADOR DEL NÚMERO DE CONTROL
campo de control CHAP
005 - FECHA Y HORA DE LA ÚLTIMA TRANSACCIÓN
campo de control 20220329135904.0
008 - DATOS DE LONGITUD FIJA--INFORMACIÓN GENERAL
campo de control de longitud fija 971013s1984 r 00010 d
010 ## - NÚMERO DE CONTROL DE LA BIBLIOTECA DEL CONGRESO
Número de control de LC 43799
011 ## - ENLACE DEL NUMERO DE CONTROL DE LA BIBLIOTECA DEL CONGRESO [OBSOLETO]
Número de control de LC 44771
035 ## - NÚMERO DE CONTROL DEL SISTEMA
Número de control de sistema 48909
040 ## - FUENTE DE LA CATALOGACIÓN
Centro/agencia transcriptor CHAP
082 ## - NÚMERO DE LA CLASIFICACIÓN DECIMAL DEWEY
Número de clasificación 972.083
Número de documento/Ítem T3
110 ## - ENTRADA PRINCIPAL--NOMBRE DE ENTIDAD CORPORATIVA
Nombre de entidad corporativa o nombre de jurisdicción como elemento de entrada Tabasco. Gobernador,
Fecha del congreso/reunión o de la firma de un tratado 1982-1986. (González Pedrero)
9 (RLIN) 111285
245 ## - MENCIÓN DE TÍTULO
Título Informe de gobierno (2)
260 ## - PUBLICACIÓN, DISTRIBUCIÓN, ETC.
Lugar de publicación, distribución, etc. Villahermosa :
Nombre del editor, distribuidor, etc. El Gobierno,
Fecha de publicación, distribución, etc. 1984?
300 ## - DESCRIPCIÓN FÍSICA
Extensión v.
505 ## - NOTA DE CONTENIDO CON FORMATO
Nota de contenido con formato Contenido : v.1 Informe de gobierno .- v.2 Anexos estadísticos acciones terminadas .- v.3 Anexos estadísticos acciones en proceso
590 ## - NOTA LOCAL (RLIN)
Nota local BATCH-UPD
Procedencia (VM) [OBSOLETO] 10
Condición del los carretes individuales (VM) [OBSOLETO] 20130110
-- UCH01
-- 2205
590 ## - NOTA LOCAL (RLIN)
Nota local BATCH-UPD
Procedencia (VM) [OBSOLETO] 10
Condición del los carretes individuales (VM) [OBSOLETO] 20130410
-- UCH01
-- 1510
590 ## - NOTA LOCAL (RLIN)
Nota local BATCH-UPD
Procedencia (VM) [OBSOLETO] 10
Condición del los carretes individuales (VM) [OBSOLETO] 20130914
-- UCH01
-- 1701
590 ## - NOTA LOCAL (RLIN)
Nota local CONVERSION
Procedencia (VM) [OBSOLETO] 10
Condición del los carretes individuales (VM) [OBSOLETO] 20130109
-- UCH01
-- 1324
650 14 - PUNTO DE ACCESO ADICIONAL DE MATERIA--TÉRMINO DE MATERIA
Término de materia o nombre geográfico como elemento de entrada Tabasco
Subdivisión general Política y gobierno.
9 (RLIN) 111283
700 0# - PUNTO DE ACCESO ADICIONAL--NOMBRE DE PERSONA
Nombre de persona González Pedrero, Enrique.
9 (RLIN) 49274
901 ## - ELEMENTOS DE DATOS A LOCAL LDA (RLIN)
a BK
942 ## - ELEMENTOS DE PUNTO DE ACCESO ADICIONAL (KOHA)
Tipo de ítem Koha Libro
949 ## - PROCESAMIENTO DE INFORMACIÓN LOCAL (OCLC)
a 972.083 T3
b BC
c LIBRO
d 33724000141602
e LIBRO
f v.1
h 66330
i 48909
s i
949 ## - PROCESAMIENTO DE INFORMACIÓN LOCAL (OCLC)
a 972.083 T3
b BC
c LIBRO
d 33724000141669
e LIBRO
f v.2
h 66331
i 48909
s i
949 ## - PROCESAMIENTO DE INFORMACIÓN LOCAL (OCLC)
a 972.083 T3
b BC
c LIBRO
d 33724000141677
e LIBRO
f v.3
h 66332
i 48909
s i
Holdings
Estado de retiro Estado de pérdida Fuente del sistema de clasificación o colocación Estado dañado Restricciones de uso No para préstamo Código de colección Localización permanente Ubicación/localización actual Ubicación en estantería Fecha de adquisición Información codificada de la localización en otra ubicación Total de préstamos Signatura topográfica completa Código de barras Fecha visto por última vez Número de copia Precio válido a partir de Tipo de ítem Koha
    Dewey Decimal Classification   Préstamo 15 días   General Biblioteca Central Biblioteca Central Planta principal - Colección General 31/12/2019 LIBRO   972.083 T3 33724000141602 31/12/2019 v.1 31/12/2019 Libro
    Dewey Decimal Classification   Préstamo 15 días   General Biblioteca Central Biblioteca Central Planta principal - Colección General 31/12/2019 LIBRO   972.083 T3 33724000141669 31/12/2019 v.2 31/12/2019 Libro
    Dewey Decimal Classification   Préstamo 15 días   General Biblioteca Central Biblioteca Central Planta principal - Colección General 31/12/2019 LIBRO   972.083 T3 33724000141677 31/12/2019 v.3 31/12/2019 Libro